Transfery z Európskej únie v účtovníctve vybraných subjektov verejnej správy diplomová práca

Saved in:
Bibliographic Details
Main Author: Števulová, Lenka
Corporate Author: Fakulta hospodárskej informatiky EU. Katedra účtovníctva a audítorstva
Other Authors: Kordošová, Alena, 1970-
Format: Book
Language:Slovak
Published: Bratislava 2018
Tags: Add Tag
No Tags, Be the first to tag this record!

MARC

LEADER 00000nbm a2200000 4500
001 0243597
005 20181108092729.1
041 0 |a slo 
044 |a SK 
245 1 0 |a Transfery z Európskej únie v účtovníctve vybraných subjektov verejnej správy  |b diplomová práca  |c Lenka Števulová ; školiteľ: Alena Kordošová 
264 1 |a Bratislava  |c 2018 
300 |a 68 s. 
100 1 |a Števulová, Lenka 
700 1 |a Kordošová, Alena, 1970- 
710 2 |a Fakulta hospodárskej informatiky EU. Katedra účtovníctva a audítorstva